000 01016nam a22002537a 4500
005 20180723122351.0
008 100514t xxu||||| |||| 00| 0 eng d
010 _aENG-96067 B-437379-382
020 _a9788180386114
_c3195.00
035 _aEN-79600 B-437379-382, B-88978
037 _bDBAD/PUB
037 _bAllied Pub/Ven
040 _aDPL
_bEng
082 _a348.54022
100 _aGuru Prasanna Singh
_917274
245 _aPrinciples of Statutory Interpretation :
_cby Guru Prasanna Singh
_balso containing General Clauses Act, 1897 with notes /
250 _a12th rev, & enl. ed
260 _aGurgaon
_bLexisnexis Butterworths
_c2010
270 _a14th Floor, Building No. 10, Tower-B, DLF Cyber city, Phase-II
_bGurgaon
_e122002
300 _accclxvi,1236p.
_c24cm (Hb)
500 _aIncludes index
942 _2ddc
_cEN
_mGUR
_h348.54022
999 _c36054
_d36054